New Approach To Communicative English Grammar : (Record no. 6026)
[ view plain ]
| 000 -LEADER | |
|---|---|
| fixed length control field | 00637nam a2200217 a 4500 |
| 001 - CONTROL NUMBER | |
| JCCL Control Number | 6026 |
| 003 - CONTROL NUMBER IDENTIFIER | |
| JCCL marc code | BD-JhCC |
| 005 - DATE AND TIME OF LATEST TRANSACTION | |
| control field | 20180101174857.0 |
| 008 - FIXED-LENGTH DATA ELEMENTS--GENERAL INFORMATION | |
| fixed length control field | 180101b xxu||||| |||| 00| 0 eng d |
| 035 ## - SYSTEM CONTROL NUMBER | |
| system control number | (BD-JhCC)6026 |
| 040 ## - CATALOGING SOURCE | |
| Original cataloging agency | BD-JhCC |
| Modifying agency | BD-JhCC |
| 041 ## - LANGUAGE CODE | |
| Language code of Book | eng |
| 082 ## - DEWEY DECIMAL CLASSIFICATION NUMBER | |
| Classification number | 425 |
| Author mark and Year | ISL 1999 |
| 100 ## - MAIN ENTRY--PERSONAL NAME | |
| Personal name | Islam, S. M. Nazrul |
| 245 ## - TITLE STATEMENT | |
| Title | New Approach To Communicative English Grammar : |
| Remainder of title | A self-study reference and practice book of English for class IX-X / |
| Statement of responsibility, etc | S. M. Nazrul Islam |
| 260 ## - PUBLICATION, DISTRIBUTION, ETC. (IMPRINT) | |
| Place of publication, distribution, etc | Dhaka : |
| Name of publisher, distributor, etc | Samata Prokashani, |
| Date of publication, distribution, etc | 1999. |
| 300 ## - PHYSICAL DESCRIPTION | |
| Pagination | 680 p. : |
| Dimensions | 26 cm. |
| 650 ## - SUBJECT ADDED ENTRY--TOPICAL TERM | |
| Topical term or geographic name as entry element | English Grammer |
| 942 ## - ADDED ENTRY ELEMENTS (KOHA) | |
| Source of classification or shelving scheme | Dewey Decimal Classification |
| Koha item type | Books |
| Source of classification or shelving scheme | Damaged status | Not for loan | Home library | Current library | Shelving location | Date of accession | Cost, normal purchase price | Total Checkouts | Full call number | Barcode | Date last seen | Date checked out | Copy number | Koha item type |
|---|---|---|---|---|---|---|---|---|---|---|---|---|---|---|
| Dewey Decimal Classification | JCC Rouf Library | JCC Rouf Library | General Stacks | 01/01/2018 | 170.00 | 1 | 425 ISL 1999 | 8431 | 11/24/2024 | 09/16/2024 | C-1 | Books | ||
| Dewey Decimal Classification | JCC Rouf Library | JCC Rouf Library | General Stacks | 03/03/2018 | 170.00 | 425 ISL 1999 | 11486 | 03/03/2018 | C-2 | Books |